LEADER 02423nam a22006255a 4500
001 CEM.cems014747
005 20161104160105.0
008 130507s2016##################000#0#####d
003 CEMS
020 |a 9789876145275 
082 0 4 |a 909 
100 1 |a Bréville, Benoit 
245 1 0 |a Atlas de historia crítica y comparada :  |b una visión heterodoxa desde la revolución industrial hasta hoy /  |c Benoit Bréville ... y Otros; compilado Por Benoit Bréville y Dominique Vidal 
260 |a Buenos Aires :  |b Capital Intelectual,  |c 2016 
300 |a 176 p. 
490 0 |a Le Monde Diplomatique. Atlas 
505 0 |a Industrialización, colonización e irrupción de las masas en política (1830-1900) -- Del conflicto mundial a las esperanzas internacionales (1914-1920) -- Período de entreguerras (1920-1939) -- Alianzas oscuras (1934-1945) -- Los días posteriores a la victoria y la democracia a prueba (1945-1950) -- Enfrentamiento Este-Oeste (1950-1991) -- De la descolonización a la división Norte-Sur (1945-1970) -- La Francia de "Los treinta gloriosos": un país en constante crecimiento (1945-1973) -- La era de las soberanías amputadas (1980-2008) -- El mundo del mañana 
653 |a Historia 
653 |a Historia mundial 
653 |a Historia contemporánea 
653 |a Atlas 
653 |a Atlas histórico 
700 1 |a Aprile, Sylvie 
700 1 |a Avran, Isabelle 
700 1 |a Badie, Bertrand 
700 1 |a Bulard, Martine 
700 1 |a Carroué, Laurent 
700 1 |a Chollet, Mona 
700 1 |a Cochet, Francois 
700 1 |a Corm , Georges 
700 1 |a De Cock, Laurence 
700 1 |a Deltombe, Thomas 
700 1 |a Deluermoz, Quentin 
700 1 |a Denord, Francois 
700 1 |a Dérens, Jean-arnault 
700 1 |a Ducagne, Jean-numa 
700 1 |a Dumoulin, Samuel 
700 1 |a Ferro, Marc 
700 1 |a Feugas, Francois 
700 1 |a Fournier, Eric 
700 1 |a Fressoz, Jean-baptiste 
700 1 |a Fureix, Emmanuel 
700 1 |a Golub, Philip S. 
700 1 |a Gresh, Alain 
700 1 |a Grosser, Pierre 
700 1 |a Habel, Janette 
700 1 |a Halimi, Serge 
700 1 |a Jarrige, Francois 
700 1 |a Lambert, Renaud 
700 1 |a Levallois, Agnés 
700 1 |a Loez, André 
700 1 |a Mariot, Nicolas 
700 1 |a Martelli, Roger 
700 1 |a Mattelart, Armand 
859 |a CEMS  |b BIB. CEMS - 11 de abril  |h 909  |i B846  |p 27334.16  |t Ej.1